1275 1016 1316 1993 1350 1915 1830 1665 1336 1267 1650 1850 1987 1242 1090 1632 1192 1792 1592 1736 1642 1269 1894 1602 1025 1805 1589 1208 1847 1270 1234 1302 1549 1934 1878 1082 1321 1990 1286 1444 1461 1987 1904 1624 1645 1687 1795 1305 1082 1485 1909 1479 1920 1444 1061 1517 1137 1571 1698 1790 1089 1222 1465 1228 1766 1508 1282 1904 1456 1408 1236 1039 1428 1413 1806 1470 1680 1780 1219 1693 1723 1660 1188 1206 1912 1162 1540 1520 1813 1094 1137 1514 1256 1962 1302 1460 1856 1028 1684 BCNSPRNW ULIB Ver.6.0+V

เปลี่ยนเป็นภาษาไทย

Change to English
 แสดงรายละเอียดบรรณานุกรม
  กลับหน้าหลัก

Brief Record : Get Marc (ISO 2709) : E-mail record : QR code < ปิดหน้าต่าง
LEADER : 00000nam 2200000uu 4500
001    13399126638
003     ULIB
008    190129s2560||||th 000 0 tha d
020    ^a9786168102190
060    ^aWM430.5^bพ621จ
100    ^aพาวเวลล์, เจมส์ เอ.
245    ^aจิตวิทยาครอบครัว FAMILY PSYCHOLOGY/^cพาวเวลล์, เจมส์ เอ.
250    ^aพิมพ์ครั้งที่ 1
260    ^aกรุงเทพฯ :^bไอดิ ออล ดิจิตอลพริ้นท์,^c2560
300    ^a365 หน้า:^bภาพประกอบ,^c19ซม.
650    ^aจิตวิทยาครอบครัว
650    ^aครอบครัว
945    ^p250^l0^i005030
945    ^p250^l0^i005029
945    ^p250^l0^i005021
945    ^p250^l0^i005022
945    ^p250^l0^i005023
945    ^p250^l0^i005024
945    ^p250^l0^i005025
945    ^p250^l0^i005026
945    ^p250^l0^i005027
945    ^p250^l0^i005028
999    ^aประนอม เกษจรัล
รายการนี้ยังไม่มีแท็ก
คุณยังไม่ได้ล็อกอิน คุณสามารถมีกิจกรรมร่วมกับเว็บไซต์ได้ แต่ต้องล็อกอินก่อน ::
  ล็อกอิน

รายการสื่อสารสนเทศ

ลำดับที่ ประเภท เลขเรียก/บาร์โค้ด สถานที่ สถานะ
1. วิทยาศาสตร์การแพทย์ และสุขภาพ
หนังสือสำรอง
สถานะ=หนังสือสำรอง
WM430.5 พ621จ ฉ.1 
  Barcode: 005021
ห้องสมุดวิทยาเขตสวรรค์ประชารักษ์
►หนังสือทั่วไป
บนชั้น
2. วิทยาศาสตร์การแพทย์ และสุขภาพ
วิทยาศาสตร์การแพทย์ และสุขภาพ
WM430.5 พ621จ ฉ.10 
  Barcode: 005030
ห้องสมุดวิทยาเขตสวรรค์ประชารักษ์
►หนังสือทั่วไป
บนชั้น
3. วิทยาศาสตร์การแพทย์ และสุขภาพ
วิทยาศาสตร์การแพทย์ และสุขภาพ
WM430.5 พ621จ ฉ.2 
  Barcode: 005022
ห้องสมุดวิทยาเขตสวรรค์ประชารักษ์
►หนังสือทั่วไป
บนชั้น
4. วิทยาศาสตร์การแพทย์ และสุขภาพ
วิทยาศาสตร์การแพทย์ และสุขภาพ
WM430.5 พ621จ ฉ.3 
  Barcode: 005023
ห้องสมุดวิทยาเขตสวรรค์ประชารักษ์
►หนังสือทั่วไป
บนชั้น
5. วิทยาศาสตร์การแพทย์ และสุขภาพ
วิทยาศาสตร์การแพทย์ และสุขภาพ
WM430.5 พ621จ ฉ.4 
  Barcode: 005024
ห้องสมุดวิทยาเขตสวรรค์ประชารักษ์
►หนังสือทั่วไป
บนชั้น
6. วิทยาศาสตร์การแพทย์ และสุขภาพ
วิทยาศาสตร์การแพทย์ และสุขภาพ
WM430.5 พ621จ ฉ.5 
  Barcode: 005025
ห้องสมุดวิทยาเขตสวรรค์ประชารักษ์
►หนังสือทั่วไป
บนชั้น
7. วิทยาศาสตร์การแพทย์ และสุขภาพ
วิทยาศาสตร์การแพทย์ และสุขภาพ
WM430.5 พ621จ ฉ.6 
  Barcode: 005026
ห้องสมุดวิทยาเขตสวรรค์ประชารักษ์
►หนังสือทั่วไป
บนชั้น
8. วิทยาศาสตร์การแพทย์ และสุขภาพ
วิทยาศาสตร์การแพทย์ และสุขภาพ
WM430.5 พ621จ ฉ.7 
  Barcode: 005027
ห้องสมุดวิทยาเขตสวรรค์ประชารักษ์
►หนังสือทั่วไป
บนชั้น
9. วิทยาศาสตร์การแพทย์ และสุขภาพ
วิทยาศาสตร์การแพทย์ และสุขภาพ
WM430.5 พ621จ ฉ.8 
  Barcode: 005028
ห้องสมุดวิทยาเขตสวรรค์ประชารักษ์
►หนังสือทั่วไป
บนชั้น
10. วิทยาศาสตร์การแพทย์ และสุขภาพ
วิทยาศาสตร์การแพทย์ และสุขภาพ
WM430.5 พ621จ ฉ.9 
  Barcode: 005029
ห้องสมุดวิทยาเขตสวรรค์ประชารักษ์
►หนังสือทั่วไป
บนชั้น

รายการใกล้เคียง
    ผู้แต่ง [พาวเวลล์, เจมส์ เอ.]

    หัวเรื่อง [จิตวิทยาครอบครัว]
    หัวเรื่อง [ครอบครัว]

BibComment


ยังไม่เคยถูกคอมเมนท์

คอมเมนท์ทรัพยากรรายการนี้
  คอมเมนท์: จิตวิทยาครอบครัว..


 Copyright 2026. Bcnsprnw @Library